| 000 | 00469nam a2200157Ia 4500 | ||
|---|---|---|---|
| 005 | 20250612164623.0 | ||
| 008 | 008 250505s9999 xx 000 0 eng d | ||
| 020 | _a9789393850676 | ||
| 040 |
_beng _cILCL |
||
| 041 |
_aeng _2eng |
||
| 100 |
_aHale, Sir Matthew _9754495 |
||
| 245 | 4 | _aThe History and Analysis of the Common Law of England | |
| 260 |
_aDelhi _bLaw and Justice Publishing Company _c2023 |
||
| 300 | _aix,453p. | ||
| 942 |
_cTB _2Colon Classification |
||
| 999 |
_c1312015 _d1312015 |
||